Statistics for Geography - Poland

Click here to take the quiz!

General Stats

  • This quiz has been taken 38 times
  • The average score is 23 of 31

Answers on the Map

Answers color-coded by a green-red scale on the quiz's map according to % correct below.
 

Answer Stats

Answer% Correct
Krakow
94%
Warszawa | Warsaw
94%
Gdańsk
92%
Lubelskie | Lublin
83%
Szczecin
83%
Wrocław
83%
Lublin
81%
Oder
81%
Łódź
78%
Łódzkie | Łódź
78%
Opolskie | Opole
78%
Małopolskie | Lesser Poland
75%
Pomorskie | Pomerania
75%
Śląskie | Silesia
75%
Vistula
75%
Poznań
72%
Bydgoszcz
69%
Dolnośląskie | Lower Silesia
69%
Mazowieckie | Mazovia
69%
Podlaskie | Podlasie
69%
Wielkopolskie | Greater Poland
69%
Karpaty | Carpathian
67%
Świętokrzyskie | Holy Cross
67%
Zachodniopomorskie | West Pomerania
67%
Białystok
64%
Warmińsko-Mazurskie | Warmia-Mazuria
64%
Warta
64%
Kujawsko-Pomorskie | Kuyavia-Pomerania
61%
Lubuskie | Lubusz
61%
Podkarpackie | Subcarpathia
61%
Śniardwy
33%

Score Distribution

Percentile by Number Answered

Percent of People with Each Score

Your Score History

You have not taken this quiz